MARC details
| 000 -LÍDER |
| campo de controle de tamanho fixo |
01379naa a22003617a 4500 |
| 001 - NÚMERO DE CONTROLE |
| campo de controle |
BR8002956 |
| 003 - IDENTIFICADOR DO NÚMERO DE CONTROLE |
| campo de controle |
BR-BrBNA |
| 005 - DATA E HORÁRIO DA ÚLTIMA TRANSAÇÃO |
| campo de controle |
20250716093233.0 |
| 007 - CAMPO FIXO DE DESCRIÇÃO FÍSICA--INFORMAÇÃO GERAL |
| campo de controle de tamanho fixo |
ta |
| 008 - CAMPO DE DADOS FIXOS--INFORMAÇÃO GERAL |
| campo de controle de tamanho fixo |
250630b bl.|||m| |||| 00| 0 por d |
| 040 ## - FONTE DA CATALOGAÇÃO |
| Instituição da catalogação original |
BR-BrBNA |
| Idioma da catalogação |
por |
| Instituição que transcreveu o registro |
Biblioteca Nacional de Agricultura |
| 041 ## - CÓDIGO DE IDIOMA |
| Código do idioma do texto/trilha sonora ou título diferente |
(Pt) |
| 072 ## - CÓDIGO DE CATEGORIA DE ASSUNTO |
| Código de Categoria de Assunto |
H10; F60 |
| Código do objeto |
4050 |
| -- |
1850 |
| -- |
3830 |
| -- |
3820 |
| -- |
G514 |
| 090 ## - NÚMERO DE CHAMADA LOCAL |
| Número de chamada |
H10 BR8002956 |
| 100 1# - ENTRADA PRINCIPAL--NOME PESSOAL |
| Nome pessoal |
Mendes, B.V. |
| 100 1# - ENTRADA PRINCIPAL--NOME PESSOAL |
| Nome pessoal |
Cardoso, C.O.N. |
| 100 1# - ENTRADA PRINCIPAL--NOME PESSOAL |
| Nome pessoal |
Haag, H.P. |
| 100 1# - ENTRADA PRINCIPAL--NOME PESSOAL |
| Nome pessoal |
Muraoka, T. |
| 111 1# - ENTRADA PRINCIPAL--NOME DO EVENTO |
| Nome do evento ou lugar |
4. Reuniao Brasileira de Nematologia |
| Local do evento |
Sao Paulo, SP (Brazil) |
| Data do evento ou assinatura do tratado |
16 Jul 1979 |
| 245 1# - TÍTULO |
| Título |
Efeito de Meloidogyne incognita sobre a acumulacao de fosforo e nitrogenio em raizes de tomateiro [Nematoide; Lycopersicum esculentum; Brasil] |
| 490 ## - TÍTULO DA SÉRIE |
| Título da série |
Publicacao - Sociedade Brasileira de Nematologia (Brazil) |
| Número do volume ou designação sequencial da série |
no. 4 |
| 500 ## - NOTA GERAL |
| Nota geral |
Trabalhos apresentados a 4. Reuniao Brasileira de Nematologia<br/>Piracicaba, SP (Brasil): 1980. p. 15-27 [Summaries (En, Pt); 29 ref.]<br/>(BR8002956-AMS)<br/> |
| 650 ## - ASSUNTO--TERMO TÓPICO |
| Cabeçalho tópico ou nome geográfico |
Praga de planta |
| 650 ## - ASSUNTO--TERMO TÓPICO |
| Cabeçalho tópico ou nome geográfico |
Nutricao vegetal |
| 650 ## - ASSUNTO--TERMO TÓPICO |
| Cabeçalho tópico ou nome geográfico |
Nematoide |
| 650 ## - ASSUNTO--TERMO TÓPICO |
| Cabeçalho tópico ou nome geográfico |
Tomate |
| 650 ## - ASSUNTO--TERMO TÓPICO |
| Cabeçalho tópico ou nome geográfico |
Fosforo |
| 650 ## - ASSUNTO--TERMO TÓPICO |
| Cabeçalho tópico ou nome geográfico |
Nitrogenio |
| 650 ## - ASSUNTO--TERMO TÓPICO |
| Cabeçalho tópico ou nome geográfico |
Meloidoginose |
| 773 0# - ENTRADA ANALÍTICA |
| Título |
Trabalhos apresentados a 4. Reuniao Brasileira de Nematologia |
| Número de controle do registro |
H10 BR8002956 |
| Partes relacionadas |
Piracicaba, SP (Brasil), 1980. p. 15-27 |
| 942 ## - ELEMENTOS DE ENTRADA ADICIONADOS (KOHA) |
| Tipo de material Koha |
Analítica de Monografia Seriada |
| Fonte da classificação ou esquema de arquivamento na estante |
Classificação AGRIS |
| 909 ## - |
| -- |
202506 |
| -- |
Lúcia |
| -- |
55 |
| -- |
Lúcia Elande |